000 00740nam a2200253Ia 4500
003 OSt
005 20220925192812.0
006 a|||||r|||| 00| 0
007 ta
008 220923b |||||||| |||| 00| 0 eng d
020 _a8170740665
037 _cGeneral Book
040 _aRTL
_cRTL
_beng
041 _2eng
_aeng
082 _aY592.275.N37<--M72, N0
100 _aBandyopandhayay Sekhar
_9246437
245 0 _aCaste,politics and the Raj
_b Bengal 1872-1937
260 _aCalcutta
_bK P Bagchi
_c1990
300 _aix,232p
_ccm.
500 _aBibiliogarphy P 215-24
650 _aCaste
_9184358
942 _hY592.275.N37<--M72, N0
_cGB
_2CC
999 _c523422
_d523422